[Event "High Rated Tournament (1800+)"]
[Site "SchemingMind.com"]
[Date "2005.06.29"]
[Round "-"]
[White "Valverde"]
[Black "agrillage"]
[Result "1/2-1/2"]
[WhiteCountry "ESP"]
[BlackCountry "MLT"]
[WhiteElo "1995"]
[WhiteRD "90"]
[BlackElo "1969"]
[BlackRD "80"]
[GameID "18567"]

1. e4 c5 2. Nf3 g6 3. d4 cxd4 4. Nxd4 Bg7 5. c4 Nc6 6. Be3 Nf6 7. Nc3 O-O 8. Be2 d6 9. O-O Bd7 10. Qd2 Nxd4
11. Bxd4 Bc6 12. f3 a5 13. b3 Nd7 14. Bxg7 Kxg7 15. Kh1 Qb6 16. Nd5 Bxd5 17. cxd5 Rfc8 18. Rac1 Rxc1 19. Rxc1 Nc5 20. Qd4+ f6
21. Rc4 Nd7 22. Qxb6 Nxb6 23. Rc7 Rc8 24. Rxc8 Nxc8 25. Kg1 Nb6 26. Kf2 f5 27. Ke3 Kf6 28. Bb5 Na8 29. g3 Nc7 30. Bd3 fxe4
31. Kxe4 g5 32. a4 h6 33. Bc4 Kg6 34. f4 Kf6 35. fxg5+ Kxg5 36. Be2 b6 37. h4+ Kf6 38. Bc4 Kg6 39. g4 Kf6 40. Kf4 Kg6
41. Bd3+ Kf6 42. g5+ hxg5+ 43. hxg5+ Kg7 44. Be4 Kf7 45. Kf5 Kg7=
1/2-1/2

[Event "High Rated Tournament (1800+)"]
[Site "SchemingMind.com"]
[Date "2005.07.04"]
[Round "-"]
[White "Gordon"]
[Black "agrillage"]
[Result "1-0"]
[WhiteCountry "ENG"]
[BlackCountry "MLT"]
[WhiteElo "2173"]
[WhiteRD "63"]
[BlackElo "1967"]
[BlackRD "83"]
[GameID "18568"]

1. e4 c5 2. Nf3 g6 3. d4 cxd4 4. Nxd4 Bg7 5. c4 Nc6 6. Be3 Nf6 7. Nc3 O-O 8. Be2 d6 9. O-O Bd7 10. Qd2 Nxd4
11. Bxd4 Bc6 12. Bd3 a5 13. Rae1 a4 14. Nd5 Nd7 15. Bxg7 Kxg7 16. Re3 e5 17. Rh3 h5 18. Nc3 Nc5 19. Bc2 Qe7 20. f4 exf4
21. Rxf4 Ne6 22. Rf2 Rfd8 23. Rhf3 Rf8 24. Rf6 Qxf6 25. Rxf6 Kxf6 26. Qxd6 Kg7 27. Qe5+ Kg8 28. Nd5 Bxd5 29. exd5 Nc5 30. d6 b6
31. Qd5 Kg7 32. Qc6 Rfb8 33. Kf2 Kg8 34. Ke3 Ra7 35. b4 axb3 36. axb3 Ra2 37. b4 Rxc2 38. bxc5 bxc5 39. d7 Rb3+ 40. Kf4 Rf2+
41. Ke5 Re3+ 42. Kd6 Rd2+ 43. Kxc5 Red3 44. Qd5
1-0

[Event "High Rated Tournament (1800+)"]
[Site "SchemingMind.com"]
[Date "2005.06.27"]
[Round "-"]
[White "Chess Tiger"]
[Black "agrillage"]
[Result "1-0"]
[WhiteCountry "GER"]
[BlackCountry "MLT"]
[WhiteElo "2131"]
[WhiteRD "76"]
[BlackElo "1967"]
[BlackRD "83"]
[GameID "18569"]

1. e4 c5 2. Nf3 g6 3. d4 cxd4 4. Nxd4 Bg7 5. c4 Nc6 6. Be3 Nf6 7. Nc3 O-O 8. Be2 d6 9. O-O Bd7 10. Qd2 Nxd4
11. Bxd4 Bc6 12. f3 a5 13. b3 Nd7 14. Be3 Nc5 15. Rab1 h5 16. Rfe1 Kh7 17. Bd1 e6 18. Bc2 Qe7 19. Rbd1 Rfd8 20. Nd5 Qf8
21. Nb6 Rab8 22. Qxa5 Qh8 23. b4 Na6 24. b5 Bc3 25. Qa3 Bb4 26. Qc1 Bxe1 27. Rxe1 Nc5 28. bxc6 bxc6 29. Na4 Nd7 30. f4 f5
31. Qd1 Qf8 32. Qf3 c5 33. exf5 exf5 34. Nc3 Nf6 35. a4 Rb2 36. Re2 Qf7 37. Bd3 Rb3 38. Bd2 Ra3 39. Qf1 Re8 40. Qc1 Rb3
41. a5 Rbb8 42. Rxe8 Qxe8 43. Qa1 Ra8 44. Nb5 Ne4 45. Nc7 Qe7 46. Bxe4
1-0

[Event "High Rated Tournament (1800+)"]
[Site "SchemingMind.com"]
[Date "2005.06.27"]
[Round "-"]
[White "Erhaem"]
[Black "agrillage"]
[Result "0-1"]
[WhiteCountry "NED"]
[BlackCountry "MLT"]
[WhiteElo "1874"]
[WhiteRD "73"]
[BlackElo "1947"]
[BlackRD "86"]
[GameID "18570"]

1. d4 c5 2. Nf3 cxd4 3. Nxd4 Nc6 4. g3 g6 5. Nxc6 bxc6 6. Bg2 Bg7 7. O-O Rb8 8. c3 Nf6 9. e4 O-O 10. e5 Nd5
11. Bxd5 cxd5 12. Qxd5 Bb7 13. Qd4 Qa5 14. Qxd7 Bxe5 15. Qxe7 Rfe8 16. Qg5 Qd5 17. f3 Ba6 18. Rf2 Qd1+ 19. Kg2 Bxg3 20. hxg3 Re1
21. Nd2 Rh1 22. Nf1 Rxf1 23. Qe5 Rxf2+ 24. Kxf2 Qf1+ 25. Ke3 Rd8 26. Kf4 Bb7 27. Kg5 Rd5
0-1

[Event "High Rated Tournament (1800+)"]
[Site "SchemingMind.com"]
[Date "2005.06.27"]
[Round "-"]
[White "phildo"]
[Black "agrillage"]
[Result "0-1"]
[WhiteCountry "BDI"]
[BlackCountry "MLT"]
[WhiteElo "1714"]
[WhiteRD "92"]
[BlackElo "1881"]
[BlackRD "99"]
[GameID "18571"]

1. e4 c5 2. Nf3 g6 3. Nc3 Bg7 4. d3 Nc6 5. Be3 d6 6. Qd2 Nd4 7. Be2 b5 8. Rb1 b4 9. Na4 Bd7 10. b3 Bxa4
11. bxa4 Nxf3+
0-1